Logo BPK

Biblioteka

Politechniki Koszalińskiej

Exkursionsflora von Deutschland. (Rekord nr 40801)

Szczegóły MARC
000 -ETYKIETA REKORDU
podpole kontrolne o stałej długości 00908nam a2200253 i 4500
001 - NUMER KONTROLNY REKORDU
pole kontrolne bg
020 ## - MIĘDZYNARODOWY ZNORMALIZOWANY NUMER KSIĄŻKI - ISBN
ISBN 3827409268
040 ## - ŹRÓDŁO KATALOGOWANIA
Instytucja, która utworzyła rekord BPK
041 0# - KOD JĘZYKA
Kod języka tekstu ger
080 ## - UNIWERSALNA KLASYFIKACJA DZIESIĘTNA - UKD
UKD 582.35+582.4](430)(084.4)
920 ## - Międzynarodowy znormalizowany numer książki – ISBN
ISBN 3-8274-0926-8
008 - POLE O STAŁEJ DŁUGOŚCI - DANE KONTROLNE
podpole kontrolne o stałej długości s pl f |000 0 pol
245 ## - TYTUŁ/ODPOWIEDZIALNOŚĆ
Tytuł Exkursionsflora von Deutschland.
Oznaczenie części/sekcji dzieła Bd 3,
Tytuł części/sekcji dzieła Gefßpflanzen : Atlasband /
Pozostałe elementy strefy tytułu i oznaczenia odpowiedzialności begr. von Werner Rothmaler ; hrsg. von Eckehart J. Jäger und Klaus Werner
250 ## - STREFA WYDANIA
Oznaczenie wydania 10. durchges. Aufl.
260 ## - STREFA ADRESU WYDAWNICZEGO
Miejsce wydania Heidelberg ;
-- Berlin :
Nazwa wydawcy/dystrybutora Spektrum Akademischer Verlag,
Data publikacji, dystrybucji/powstania dokumentu 2000.
300 ## - STREFA OPISU FIZYCZNEGO
Objętość 753 s. :
Inne cechy fizyczne il. ;
Rozmiary 20 cm.
504 ## - UWAGA DOTYCZĄCA BIBLIOGRAFII
Informacje o bibliografii Bibliogr. - Indeks.
650 #9 - HASŁO PRZEDMIOTOWE W FORMIE NAZWY OGÓLNEJ LUB JEDNOSTKOWEJ
Nazwa ogólna lub geograficzna Rośliny naczyniowe
Określnik ogólny systematyka
Określnik geograficzny Niemc
700 ## - HASŁO DODATKOWE - NAZWA OSOBOWA
Nazwa osobowa ROTHMALER, Werner.
Określenie związku między hasłem a opisywanym materiałem Oprac
700 ## - HASŁO DODATKOWE - NAZWA OSOBOWA
Nazwa osobowa JÄGER, Eckehart J.
Określenie związku między hasłem a opisywanym materiałem Red.
700 1# - HASŁO DODATKOWE - NAZWA OSOBOWA
Nazwa osobowa WERNER, Klaus.
Określenie związku między hasłem a opisywanym materiałem Red.
856 ## - LOKALIZACJA I DOSTĘP DO ELEKTRONICZNYCH DOKUMENTÓW ZDALNYCH
Link (URL) http://koha.tu.koszalin.pl/cgi-bin/koha/opac-detail.pl?biblionumber=40801
Tekst linku Katalog online BPK
942 ## - DODATKOWE ELEMENTY (KOHA)
Typ dokumentu Książka
Egzemplarze
Wycofany Status egzemplarza Uszkodzony Dostępność Lokalizacja stała Lokalizacja bieżąca Miejsce przechowywania Sygnatura Kod kreskowy Typ dokumentu
      Dostępny Biblioteka Politechniki Koszalińskiej Biblioteka Politechniki Koszalińskiej Wypożyczalnia BG 62596 01679618 Książka
      Dostępny Biblioteka Politechniki Koszalińskiej Biblioteka Politechniki Koszalińskiej Wypożyczalnia BG 62597 01679472 Książka
© 2023 Biblioteka Politechniki Koszalińskiej :: KOHA